书目信息 |
| 题名: |
微波化学
|
|
| 作者: | 金钦汉 主编 | |
| 分册: | ||
| 出版信息: | 北京 科学出版社 1999 |
|
| 页数: | 324页 | |
| 开本: | 26cm | |
| 丛书名: | ||
| 单 册: | ||
| 中图分类: | TQ021.9 | |
| 科图分类: | ||
| 主题词: | 微波技术--应用--化学工程 | |
| 电子资源: | ||
| ISBN: | 7-03-007346-0 | |
| 000 | 00544nam0 2200193 45 | |
| 001 | 0309230827 | |
| 005 | 20031219104115.9 | |
| 010 | @a7-03-007346-0@b精装@dCNY42.00 | |
| 100 | @a20030923d1999 km y0chiy0120 ea | |
| 101 | 0 | @achi |
| 105 | @a z 000yy | |
| 200 | 1 | @a微波化学@AWei Bo Hua Xue@f金钦汉主编@FJin Qin Han Zhu Bian |
| 210 | @a北京@c科学出版社@d1999 | |
| 215 | @a324页@d26cm | |
| 606 | 0 | @a微波技术@x应用@x化学工程 |
| 690 | @aTQ021.9@v4 | |
| 701 | @a金钦汉@4主编 | |
| 801 | @aCN@bTSTC@c20030923 | |
| 905 | @b326127-131@dTQ021.9@e61@f5 | |
| 微波化学/金钦汉主编.-北京:科学出版社,1999 |
| 324页;26cm |
| ISBN 7-03-007346-0(精装):CNY42.00 |
| ● |
| 相关链接 |
|
|
|
|
正题名:微波化学
索取号:TQ021.9/61
 
预约/预借
| 序号 | 登录号 | 条形码 | 馆藏地/架位号 | 状态 | 备注 |
| 1 | 0326127 | 203261273 | 第三借阅区/ [索取号:TQ021.9/61] | 在馆 | |
| 2 | 0326128 | 203261282 | 第三借阅区/ [索取号:TQ021.9/61] | 在馆 | |
| 3 | 0326129 | 203261291 | 第三借阅区/ [索取号:TQ021.9/61] | 在馆 | |
| 4 | 0326130 | 203261308 | 第三借阅区/ [索取号:TQ021.9/61] | 在馆 | |
| 5 | 0326131 | 203261317 | 第二样本阅览室/ [索取号:TQ021.9/61] | 在馆 |